MARC details
| 000 -LEADER |
| fixed length control field |
03274cam a2200385 a 4500 |
| 005 - DATE AND TIME OF LATEST TRANSACTION |
| control field |
20260322212013.0 |
| 008 - FIXED-LENGTH DATA ELEMENTS--GENERAL INFORMATION |
| fixed length control field |
data |
| 010 ## - LIBRARY OF CONGRESS CONTROL NUMBER |
| LC control number |
00269492 |
| 020 ## - INTERNATIONAL STANDARD BOOK NUMBER |
| International Standard Book Number |
0395843677 (pbk.) |
| 020 ## - INTERNATIONAL STANDARD BOOK NUMBER |
| International Standard Book Number |
0395843685 |
| 020 ## - INTERNATIONAL STANDARD BOOK NUMBER |
| International Standard Book Number |
9780395843673 (pbk.) |
| 020 ## - INTERNATIONAL STANDARD BOOK NUMBER |
| International Standard Book Number |
9780395843680 |
| 040 ## - CATALOGING SOURCE |
| Original cataloging agency |
DLC |
| Transcribing agency |
DLC |
| Modifying agency |
DLC |
| 043 ## - GEOGRAPHIC AREA CODE |
| Geographic area code |
n-us--- |
| 050 00 - LIBRARY OF CONGRESS CALL NUMBER |
| Classification number |
PS648.S5 |
| Item number |
B45 2000 |
| 092 ## - LOCALLY ASSIGNED DEWEY CALL NUMBER (OCLC) |
| Classification number |
813 B45 2000 |
| 001 - CONTROL NUMBER |
| control field |
data |
| 245 04 - TITLE STATEMENT |
| Title |
The best American short stories of the century / |
| Statement of responsibility, etc. |
edited by John Updike & Katrina Kenison. |
| 250 ## - EDITION STATEMENT |
| Edition statement |
Expanded ed. |
| 260 ## - PUBLICATION, DISTRIBUTION, ETC. |
| Place of publication, distribution, etc. |
Boston : |
| Name of publisher, distributor, etc. |
Houghton Mifflin, |
| Date of publication, distribution, etc. |
c2000. |
| 300 ## - PHYSICAL DESCRIPTION |
| Extent |
xxiv, 835 p. ; |
| Dimensions |
23 cm. |
| 500 ## - GENERAL NOTE |
| General note |
Titles selected by John Updike from the 1915 through 1998 editions of The best American short stories series. |
| 505 00 - FORMATTED CONTENTS NOTE |
| Title |
Half-skinned steer / |
| Statement of responsibility |
Annie Proulx. |
| Title |
Little selves / |
| Statement of responsibility |
Mary Lerner -- |
| Title |
Jury of her peers / |
| Statement of responsibility |
Susan Glaspell -- |
| Title |
Other woman / |
| Statement of responsibility |
Sherwood Anderson -- |
| Title |
Golden honeymoon / |
| Statement of responsibility |
Ring Lardner -- |
| Title |
Blood-burning moon / |
| Statement of responsibility |
Jean Toomer -- |
| Title |
Killers / |
| Statement of responsibility |
Ernest Hemingway -- |
| Title |
Resurrection of a life / |
| Statement of responsibility |
William Saroyan -- |
| Title |
Christmas gift / |
| Statement of responsibility |
Robert Penn Warren -- |
| Title |
Bright and morning star / |
| Statement of responsibility |
Richard Wright -- |
| Title |
Hitch-hikers / |
| Statement of responsibility |
Eudora Welty -- |
| Title |
Peach stone / |
| Statement of responsibility |
Paul Horgan -- |
| Title |
"That in Aleppo once..." / |
| Statement of responsibility |
Vladimir Nabokov -- |
| Title |
Interior castle / |
| Statement of responsibility |
Jean Stafford -- |
| Title |
Miami-New York / |
| Statement of responsibility |
Martha Gellhorn -- |
| Title |
Second tree from the corner / |
| Statement of responsibility |
E.B. White -- |
| Title |
Farmer's children / |
| Statement of responsibility |
Elizabeth Bishop -- |
| Title |
Death of a favorite / |
| Statement of responsibility |
J.F. Powers -- |
| Title |
Resemblance between a violin case and a coffin / |
| Statement of responsibility |
Tennessee Williams -- |
| Title |
Country husband / |
| Statement of responsibility |
John Cheever -- |
| Title |
Greenleaf / |
| Statement of responsibility |
Flannery O'Connor -- |
| Title |
Ledge / |
| Statement of responsibility |
Lawrence Sargent Hall -- |
| Title |
Defender of the faith / |
| Statement of responsibility |
Philip Roth -- |
| Title |
Criers and kibitzers, kibitzers and criers / |
| Statement of responsibility |
Stanley Elkin -- |
| Title |
German refugee / |
| Statement of responsibility |
Bernard Malamud -- |
| Title |
Where are you going, where have you been? / |
| Statement of responsibility |
Joyce Carol Oates -- |
| Title |
Rotifer / |
| Statement of responsibility |
Mary Ladd Gavell -- |
| Title |
Gold Coast / |
| Statement of responsibility |
James Alan McPherson -- |
| Title |
Key / |
| Statement of responsibility |
Isaac Bashevis Singer -- |
| Title |
Cty of churches / |
| Statement of responsibility |
Donald Barthelme -- |
| Title |
How to win / |
| Statement of responsibility |
Rosellen speaks / |
| -- |
Harold Brodkey -- |
| Title |
Silver dish / |
| Statement of responsibility |
Saul Bellow -- |
| Title |
Gesturing / |
| Statement of responsibility |
John Updike -- |
| Title |
Shawl / |
| Statement of responsibility |
Cynthia Ozick -- |
| Title |
Where I'm calling from / |
| Statement of responsibility |
Raymond Carver -- |
| Title |
Janus / |
| Statement of responsibility |
Ann Beattie -- |
| Title |
Way we live now / |
| Statement of responsibility |
Susan Sontag -- |
| Title |
Things they carried / |
| Statement of responsibility |
Tim O'Brien -- |
| Title |
Meneseteung / |
| Statement of responsibility |
Alice Munro -- |
| Title |
You're ugly, too / |
| Statement of responsibility |
Lorrie Moore -- |
| Title |
I want to live ! / |
| Statement of responsibility |
Thom Jones -- |
| Title |
In the gloaming / |
| Statement of responsibility |
Alice Elliott Dark -- |
| Title |
Proper library / |
| Statement of responsibility |
Carolyn Ferrell -- |
| Title |
Birthmates / |
| Statement of responsibility |
Gish Jen -- |
| Title |
Soon / |
| Statement of responsibility |
Pam Durban -- |
| Title |
Half-skinned steer / |
| Statement of responsibility |
Annie Proulx. |
| 650 #0 - SUBJECT ADDED ENTRY--TOPICAL TERM |
| Topical term or geographic name entry element |
Short stories, American. |
| 650 #0 - SUBJECT ADDED ENTRY--TOPICAL TERM |
| Topical term or geographic name entry element |
American fiction |
| Chronological subdivision |
20th century. |
| 651 #0 - SUBJECT ADDED ENTRY--GEOGRAPHIC NAME |
| Geographic name |
United States |
| General subdivision |
Social life and customs |
| Chronological subdivision |
20th century |
| Form subdivision |
Fiction. |
| 700 1# - ADDED ENTRY--PERSONAL NAME |
| Personal name |
Updike, John. |
| 700 1# - ADDED ENTRY--PERSONAL NAME |
| Personal name |
Kenison, Katrina. |
| 856 41 - ELECTRONIC LOCATION AND ACCESS |
| Materials specified |
Table of contents |
| Uniform Resource Identifier |
<a href="http://www.loc.gov/catdir/toc/hm021/00269492.html">http://www.loc.gov/catdir/toc/hm021/00269492.html</a> |
| 856 42 - ELECTRONIC LOCATION AND ACCESS |
| Materials specified |
Publisher description |
| Uniform Resource Identifier |
<a href="http://www.loc.gov/catdir/description/hm021/00269492.html">http://www.loc.gov/catdir/description/hm021/00269492.html</a> |
| 856 42 - ELECTRONIC LOCATION AND ACCESS |
| Materials specified |
Contributor biographical information |
| Uniform Resource Identifier |
<a href="http://www.loc.gov/catdir/enhancements/fy0736/00269492-b.html">http://www.loc.gov/catdir/enhancements/fy0736/00269492-b.html</a> |
| 906 ## - LOCAL DATA ELEMENT F, LDF (RLIN) |
| a |
7 |
| b |
cbc |
| c |
origcop |
| d |
1 |
| e |
ncip |
| f |
20 |
| g |
y-gencatlg |
| 925 0# - |
| -- |
acquire |
| -- |
2 shelf copy |
| -- |
policy default |